000 00819cam a22002653a 4500
001 3638
003 PGUSA
005 20140828083036.0
008 030101s2003||||xxu|||||s|||||000 | eng d
040 _aPGUSA
_beng
042 _adc
050 4 _aPR
100 1 _aShaw, Bernard,
_d1856-1950
245 1 4 _aThe Devil's Disciple
_h[electronic resource] /
_cBernard Shaw
260 _bProject Gutenberg,
_c2003
506 _aPublic domain in the USA.
516 _aElectronic text
653 _aNew Hampshire -- History -- Revolution, 1775-1783 -- Drama
653 _aBurgoyne, John, 1722-1792 -- Drama
653 _aPuritans -- Drama
653 _aUnited States -- History -- Revolution, 1775-1783 -- Drama
830 0 _aProject Gutenberg
_v3638
856 4 0 _uhttp://www.gutenberg.org/ebooks/3638
942 _cEB
999 _c232967
_d232967